000 00530nam a2200169Ia 4500
003 IN-BaIIA
008 211028s9999 xx 000 0 eng d
020 _a978-0-521-55001-7
040 _cIIA Library
080 _a530.145
_bWEI-I
100 _aWeinberg, Steven
_97609
245 4 _aThe quantum theory of fields
_bfoundations
_cSteven Weinberg
260 _aCambridge
_bCambridge University Press
_c1995
300 _axxvi, 609p.
650 _aQuantum field theory
_96197
942 _cBK
999 _c11647
_d11647